Interactive Computer Graphics Functional, Procedural and Device - Level Methods

Na minha lista:
Detalhes bibliográficos
Autor principal: Burger, Peter
Formato: Livro
Idioma:inglês
Publicado em: Wokingham Addison-Wesley Pub. Co. 1989
Edição:1. ed.
Tags: Adicionar Tag
Sem tags, seja o primeiro a adicionar uma tag!

MARC

LEADER 00000nam a2200000 4500
001 c028784
005 20221215113951.0
041 0 |a eng 
044 |a US 
245 1 0 |a Interactive Computer Graphics  |b Functional, Procedural and Device - Level Methods  |c Peter Burger 
250 |a 1. ed. 
264 1 |a Wokingham  |b Addison-Wesley Pub. Co.  |c 1989 
300 |a 504 s. 
100 1 |a Burger, Peter